书目信息 |
| 题名: |
大学英语六级考试关键词词组用法大全
|
|
| 作者: | 高云智 主编 | |
| 分册: | ||
| 出版信息: | 天津 天津大学出版社 1997 |
|
| 页数: | 303页 | |
| 开本: | 20cm | |
| 丛书名: | ||
| 单 册: | ||
| 中图分类: | H313 | |
| 科图分类: | ||
| 主题词: | 英语 | |
| 电子资源: | ||
| ISBN: | 7-5618-0946-8 | |
| 000 | 00601nam0 2200193 45 | |
| 001 | 0238315180 | |
| 005 | 2002062510383509 | |
| 010 | @a7-5618-0946-8@dRMB 12.00 | |
| 100 | @a20020625d1997 km y0chiy0120 ea | |
| 101 | 0 | @achi |
| 102 | @aCN@b120000 | |
| 200 | 1 | @a大学英语六级考试关键词词组用法大全@ADa Xue Ying Yu Liu Ji Kao Shi Guan Jian Ci Ci Zu Yong Fa Da Quan@f高云智主编@FGao Yun Zhi Zhu Bian |
| 210 | @a天津@c天津大学出版社@d1997 | |
| 215 | @a303页@d20cm | |
| 606 | 0 | @a英语 |
| 690 | @aH313@v3 | |
| 701 | 0 | @a高云智@AGao Yun Zhi@4主编 |
| 801 | 0 | @aCN@bPFT@c20020625 |
| 905 | @a安徽大学@dH313@eG981/1 | |
| 大学英语六级考试关键词词组用法大全/高云智主编.-天津:天津大学出版社,1997 |
| 303页;20cm |
| ISBN 7-5618-0946-8:RMB 12.00 |
| ● |
| 相关链接 |
|
|
|
正题名:大学英语六级考试关键词词组用法大全
索取号:H313/G981/1
 
预约/预借
| 序号 | 登录号 | 条形码 | 馆藏地/架位号 | 状态 | 备注 |
| 1 | 66847 | 200668474 | 语言库209/209语言库 102排3列2层/ [索取号:H313/G981/1] | 在馆 | |
| 2 | 66848 | 200668483 | 语言库209/209语言库 102排3列2层/ [索取号:H313/G981/1] | 在馆 | |
| 3 | 66849 | 200668492 | 语言库209/209语言库 102排3列2层/ [索取号:H313/G981/1] | 在馆 | |
| 4 | 66850 | 200668508 | 语言库209/209语言库 102排3列2层/ [索取号:H313/G981/1] | 在馆 | |
| 5 | 66851 | 200668517 | 语言库209/209语言库 102排3列2层/ [索取号:H313/G981/1] | 在馆 |